<?xml version="1.0" encoding="UTF-8"?>
<record
    xmlns:xsi="http://www.w3.org/2001/XMLSchema-instance"
    xsi:schemaLocation="http://www.loc.gov/MARC21/slim http://www.loc.gov/standards/marcxml/schema/MARC21slim.xsd"
    xmlns="http://www.loc.gov/MARC21/slim">

  <leader>02250ngc a2200385 a 4500</leader>
  <controlfield tag="003">CHAP</controlfield>
  <controlfield tag="005">20260306062806.0</controlfield>
  <controlfield tag="007">vz czazzs</controlfield>
  <controlfield tag="008">221013s2017    mx 160|f |||| s0| vlspa d</controlfield>
  <datafield tag="040" ind1=" " ind2=" ">
    <subfield code="a">mxchpua</subfield>
    <subfield code="c">CHAP</subfield>
  </datafield>
  <datafield tag="090" ind1=" " ind2=" ">
    <subfield code="a">V&#xED;deo</subfield>
  </datafield>
  <datafield tag="100" ind1="1" ind2=" ">
    <subfield code="9">148849</subfield>
    <subfield code="a">Hern&#xE1;ndez Montes, Arturo</subfield>
    <subfield code="d">1955</subfield>
    <subfield code="e">director</subfield>
  </datafield>
  <datafield tag="245" ind1="1" ind2="0">
    <subfield code="a">Caracter&#xED;sticas del queso seco encerado de la zona oriental del istmo de Tehuacantepec, Oaxaca</subfield>
    <subfield code="h">[Videograbaci&#xF3;n] /</subfield>
    <subfield code="c">director Arturo Hern&#xE1;ndez Montes</subfield>
  </datafield>
  <datafield tag="250" ind1=" " ind2=" ">
    <subfield code="a">1a edici&#xF3;n</subfield>
  </datafield>
  <datafield tag="260" ind1=" " ind2=" ">
    <subfield code="a">Chapingo, M&#xE9;xico :</subfield>
    <subfield code="b">El autor,</subfield>
    <subfield code="c">2017</subfield>
  </datafield>
  <datafield tag="306" ind1=" " ind2=" ">
    <subfield code="a">001601</subfield>
  </datafield>
  <datafield tag="490" ind1="1" ind2=" ">
    <subfield code="a">V&#xED;deos de Quesos Secos ;</subfield>
    <subfield code="v">3</subfield>
  </datafield>
  <datafield tag="500" ind1=" " ind2=" ">
    <subfield code="a">Duraci&#xF3;n: 16:01 minutos
Trabajo de tesis de Valeria Mart&#xED;nez Aquino
Agradecimientos: A los queseros de Tapanatepec y Zanatepec, Oaxaca.</subfield>
  </datafield>
  <datafield tag="505" ind1="0" ind2="0">
    <subfield code="t">Introducci&#xF3;n</subfield>
    <subfield code="g">(00:08) --</subfield>
    <subfield code="t">Orde&#xF1;a</subfield>
    <subfield code="g">(01:41) --</subfield>
    <subfield code="t">Colecta</subfield>
    <subfield code="g">(03:15) --</subfield>
    <subfield code="t">Recepci&#xF3;n de la leche</subfield>
    <subfield code="g">(03:53) --</subfield>
    <subfield code="t">Cuajado de la leche</subfield>
    <subfield code="g">(04:33) --</subfield>
    <subfield code="t">Cuajo de cuerito</subfield>
    <subfield code="g">(05:30) --</subfield>
    <subfield code="t">Quebrado o cortado de la cuajada o gel</subfield>
    <subfield code="g">(06:23) --</subfield>
    <subfield code="t">Descremado del suero</subfield>
    <subfield code="g">(08:22) --</subfield>
    <subfield code="t">Bolseado de la pasta</subfield>
    <subfield code="g">(09:10) --</subfield>
    <subfield code="t">Salado de la pasta</subfield>
    <subfield code="g">(010:28) --</subfield>
    <subfield code="t">Amasado de la pasta</subfield>
    <subfield code="g">(10:50) --</subfield>
    <subfield code="t">Formaci&#xF3;n de bolas de pasta</subfield>
    <subfield code="g">(11:05) --</subfield>
    <subfield code="t">Moldeado de la pasta</subfield>
    <subfield code="g">(11:49) --</subfield>
    <subfield code="t">Prensado</subfield>
    <subfield code="g">(13:03) --</subfield>
    <subfield code="t">Desmoldeado</subfield>
    <subfield code="g">(13:27) --</subfield>
    <subfield code="t">Raspado del queso</subfield>
    <subfield code="g">(14:25) --</subfield>
    <subfield code="t">Parafinado o encerado del queso</subfield>
    <subfield code="g">(14:44) --</subfield>
    <subfield code="t">Acondicionamiento del queso para su venta</subfield>
    <subfield code="g">(15:03) --</subfield>
    <subfield code="t">Cr&#xE9;ditos</subfield>
    <subfield code="g">(15:46)</subfield>
  </datafield>
  <datafield tag="511" ind1="0" ind2=" ">
    <subfield code="a">Guion: Armando Santos Moreno</subfield>
  </datafield>
  <datafield tag="521" ind1="4" ind2=" ">
    <subfield code="a">Obra recomendada para estudiantes del Departamento de Ingenier&#xED;a Agroindustrial</subfield>
  </datafield>
  <datafield tag="538" ind1=" " ind2=" ">
    <subfield code="a">Modo de acceso: Internet</subfield>
  </datafield>
  <datafield tag="546" ind1=" " ind2=" ">
    <subfield code="a">Audio: En espa&#xF1;ol</subfield>
  </datafield>
  <datafield tag="650" ind1="1" ind2="3">
    <subfield code="9">144437</subfield>
    <subfield code="a">Queso artesanal</subfield>
    <subfield code="z">M&#xE9;xico</subfield>
    <subfield code="z">Oaxaca</subfield>
  </datafield>
  <datafield tag="650" ind1="1" ind2="3">
    <subfield code="9">142991</subfield>
    <subfield code="a">Fabricaci&#xF3;n de queso</subfield>
  </datafield>
  <datafield tag="650" ind1="1" ind2="3">
    <subfield code="9">152329</subfield>
    <subfield code="a">Tecnolog&#xED;a lechera  </subfield>
  </datafield>
  <datafield tag="650" ind1="1" ind2="3">
    <subfield code="9">185223</subfield>
    <subfield code="a">Artisan cheese</subfield>
    <subfield code="z">Mexico</subfield>
    <subfield code="z">Oaxaca</subfield>
  </datafield>
  <datafield tag="650" ind1="1" ind2="3">
    <subfield code="9">146964</subfield>
    <subfield code="a">Cheesemaking</subfield>
  </datafield>
  <datafield tag="650" ind1="1" ind2="3">
    <subfield code="9">161553</subfield>
    <subfield code="a">Dairy technology</subfield>
  </datafield>
  <datafield tag="700" ind1="1" ind2=" ">
    <subfield code="9">148849</subfield>
    <subfield code="a">Hern&#xE1;ndez Montes, Arturo</subfield>
    <subfield code="e">camar&#xF3;grafo</subfield>
  </datafield>
  <datafield tag="700" ind1="1" ind2=" ">
    <subfield code="9">147701</subfield>
    <subfield code="a">Santos Moreno, Armando</subfield>
    <subfield code="e">asesor</subfield>
  </datafield>
  <datafield tag="710" ind1="2" ind2=" ">
    <subfield code="a">Universidad Aut&#xF3;noma Chapingo</subfield>
    <subfield code="b">Departamento de Ingenier&#xED;a Agroindustrial.</subfield>
    <subfield code="9">143749</subfield>
  </datafield>
  <datafield tag="856" ind1=" " ind2=" ">
    <subfield code="y">VER V&#xCD;DEO</subfield>
    <subfield code="u"> http://10.13.5.2/video/Queso_Seco_Encerado_Oaxaca.mp4</subfield>
  </datafield>
  <datafield tag="942" ind1=" " ind2=" ">
    <subfield code="2">local</subfield>
    <subfield code="c">V</subfield>
  </datafield>
  <datafield tag="999" ind1=" " ind2=" ">
    <subfield code="c">217825</subfield>
    <subfield code="d">217825</subfield>
  </datafield>
  <datafield tag="952" ind1=" " ind2=" ">
    <subfield code="0">0</subfield>
    <subfield code="1">0</subfield>
    <subfield code="2">local</subfield>
    <subfield code="4">0</subfield>
    <subfield code="7">0</subfield>
    <subfield code="8">V</subfield>
    <subfield code="a">IA_</subfield>
    <subfield code="b">IA_</subfield>
    <subfield code="c">E_L</subfield>
    <subfield code="d">2022-11-17</subfield>
    <subfield code="e">El autor</subfield>
    <subfield code="l">0</subfield>
    <subfield code="p">1210014937</subfield>
    <subfield code="r">2022-11-17 00:00:00</subfield>
    <subfield code="w">2022-11-17</subfield>
    <subfield code="y">V</subfield>
  </datafield>
</record>
